| 000 | 00971pam a2200325 a 4500 | ||
|---|---|---|---|
| 999 |
_c2833 _d2833 |
||
| 001 | 013370430 | ||
| 003 | Uk | ||
| 005 | 20230823112233.0 | ||
| 008 | 060526s2006 enk d 000 0 eng d | ||
| 010 | _a2006046412 | ||
| 015 |
_aGBA610143 _2bnb |
||
| 016 | 7 |
_a013370430 _2Uk |
|
| 020 | _a9780198614388 (hbk.) | ||
| 035 | _a(UkCU)4275403 | ||
| 038 | _aUkLCURL | ||
| 040 |
_aStDuBDS _dUkCU _dUk _cKH8 |
||
| 042 | _aukscp | ||
| 082 | 0 | 4 |
_a423 LIL _222 |
| 130 | _aLittle Oxford English dictionary. | ||
| 245 | 0 | 0 | _aLittle Oxford English dictionary. |
| 250 |
_a9th ed. / _bedited by Sara Hawker. |
||
| 260 |
_aOxford ; _aNew York : _bOxford University Press, _c2006. |
||
| 300 |
_ax, 818 p. ; _c16 cm. |
||
| 336 |
_atext _2rdacontent |
||
| 337 |
_aunmediated _2rdamedia |
||
| 338 |
_avolume _2rdacarrier |
||
| 500 | _aPrevious ed. / edited by Angus Stevenson with Julia Elliott, Richard Jones. 2002. | ||
| 650 | 0 |
_aEnglish language _vDictionaries. |
|
| 942 |
_2ddc _cTR |
||